[Event "21st ch-EUR Indiv w 2021"]
[Site "Iasi ROU"]
[Date "2021.08.12"]
[Round "4.40"]
[White "Mamedjarova, Zeinab"]
[Black "Sankova, Stella"]
[Result "1-0"]
[WhiteTitle "WGM"]
[BlackTitle "WFM"]
[WhiteElo "2272"]
[BlackElo "2100"]
[WhiteFideId "13401521"]
[BlackFideId "14944200"]
[EventDate "2021.08.09"]

1. d4 d5 2. Nf3 Nf6 3. g3 Bf5 4. Bg2 h6 5. O-O e6 6. c4 c6 7. Nc3 Nbd7 8. h3 Be7
9. cxd5 exd5 10. g4 Bh7 11. Ne5 Nxe5 12. dxe5 Nd7 13. Bf4 Nc5 14. Qc1 h5 15. f3
Ne6 16. Bg3 Qb6+ 17. Bf2 d4 18. f4 hxg4 19. hxg4 Qa6 20. f5 dxc3 21. fxe6 Qxe2
22. exf7+ Kf8 23. Qxc3 Qxg4 24. Bc5 Qg5 25. Rad1 Bxc5+ 26. Qxc5+ Qe7 27. Rd6 Bg6
28. Qd4 Rh4 29. Qd2 Be4 30. Rd7 Qc5+ 31. Rf2 Bd5 32. Qg5 1-0

[Event "21st ch-EUR Indiv w 2021"]
[Site "Iasi ROU"]
[Date "2021.08.12"]
[Round "4.41"]
[White "Sandu, Mihaela"]
[Black "Allahverdiyeva, Ayan"]
[Result "1-0"]
[WhiteTitle "WGM"]
[BlackTitle "WFM"]
[WhiteElo "2263"]
[BlackElo "2095"]
[WhiteFideId "1204327"]
[BlackFideId "13412590"]
[EventDate "2021.08.09"]

1. Nf3 Nf6 2. g3 g6 3. Bg2 Bg7 4. O-O O-O 5. c4 d6 6. d4 Nc6 7. Nc3 a6 8. h3 Rb8
9. Re1 b5 10. d5 b4 11. Nb1 Na5 12. Nbd2 Nd7 13. e4 Nc5 14. Qe2 c6 15. dxc6 Nxc6
16. Nb3 Na4 17. Rb1 a5 18. Be3 Ba6 19. Rec1 Nb6 20. Nbd4 Na7 21. b3 e5 22. Nc2
Nac8 23. Qd2 f5 24. Rd1 Nd7 25. exf5 gxf5 26. c5 e4 27. Ng5 Bd3 28. Ne6 Qe7 29.
Nxg7 Qxg7 30. Rbc1 Qg6 31. Ne1 Ne5 32. Bf4 Re8 33. Bxe5 Rxe5 34. Nxd3 exd3 35.
c6 Ne7 36. Qxd3 Rf8 37. c7 d5 38. f4 Re6 39. c8=Q Nxc8 40. Bxd5 Nb6 41. Bxe6+
Qxe6 42. Re1 Qg6 43. Kh2 Qf6 44. Rc2 Kh8 45. Rce2 Rf7 46. Re6 1-0

[Event "21st ch-EUR Indiv w 2021"]
[Site "Iasi ROU"]
[Date "2021.08.12"]
[Round "4.42"]
[White "Sieber, Fiona"]
[Black "Levitan, Ronit"]
[Result "1-0"]
[WhiteTitle "WIM"]
[BlackTitle "WCM"]
[WhiteElo "2254"]
[BlackElo "2012"]
[WhiteFideId "12902373"]
[BlackFideId "2815109"]
[EventDate "2021.08.09"]

1. e4 e5 2. Nf3 Nc6 3. Nc3 Nf6 4. d4 exd4 5. Nxd4 Bb4 6. Nxc6 bxc6 7. Bd3 O-O 8.
O-O d5 9. Bd2 Bxc3 10. Bxc3 Nxe4 11. Bxe4 dxe4 12. Qe2 Re8 13. Rfe1 Qg5 14. Qe3
Qg6 15. Qg3 Qxg3 16. hxg3 Bf5 17. Re3 f6 18. Bd4 Red8 19. Bc5 Rd2 20. Rc3 e3 21.
Bxe3 Rxc2 22. Rxc2 Bxc2 23. Rc1 Be4 24. Rc4 Bd5 25. Ra4 a6 26. b3 Kf7 27. f3 g5
28. g4 h6 29. Kf2 Be6 30. Rb4 Kg6 31. Rb7 a5 32. a4 Bd5 33. Bc5 h5 34. gxh5+
Kxh5 35. Rxc7 Bxb3 36. Rxc6 f5 37. Rf6 Bxa4 38. Bf8 g4 39. f4 Rxf8 40. Rxf8 Bc2
41. Ra8 a4 42. Ra6 Bb3 43. g3 Bc2 44. Ke1 Bb3 45. Kd2 Bd5 46. Rxa4 Be4 47. Rxe4 1-0

[Event "21st ch-EUR Indiv w 2021"]
[Site "Iasi ROU"]
[Date "2021.08.12"]
[Round "4.43"]
[White "Navrotescu, Andreea"]
[Black "Mikheeva, Galina"]
[Result "1-0"]
[WhiteTitle "WIM"]
[BlackTitle "WFM"]
[WhiteElo "2249"]
[BlackElo "1968"]
[WhiteFideId "675946"]
[BlackFideId "44108320"]
[EventDate "2021.08.09"]

1. c4 Nf6 2. Nc3 e6 3. e4 d5 4. e5 d4 5. exf6 dxc3 6. bxc3 Qxf6 7. d4 b6 8. h4
Bb7 9. Bg5 Qf5 10. Bd3 Qa5 11. Kf1 Bd6 12. Rb1 c5 13. d5 e5 14. h5 Nd7 15. Rh3
h6 16. Bh4 f6 17. Bg6+ Kd8 18. Bf5 Qxa2 19. Qg4 Re8 20. Qxg7 Qxc4+ 21. Ne2 Re7
22. Bxf6 Nxf6 23. Qxf6 Kc7 24. Rd1 a5 25. Rg3 Ba6 26. Rd2 Qf4 27. Ke1 Bxe2 28.
Kxe2 e4 29. Rg4 Qh2 30. Qxh6 Rae8 31. Rg7 Qe5 32. Rxe7+ Rxe7 33. g4 Qxc3 34. Qe3
Qc4+ 35. Ke1 Be5 36. d6+ Bxd6 37. g5 Be5 38. g6 Bc3 39. Qf4+ Kb7 40. Qd6 Bxd2+
41. Kxd2 Qb4+ 42. Ke2 Qc4+ 43. Ke3 Qc1+ 44. Qd2 Qh1 45. Qd5+ Kc7 46. Bxe4 Qc1+
47. Kf3 Qh1+ 48. Kf4 Qh4+ 49. Ke3 Qh3+ 50. f3 Qg3 51. Qb7+ Kd8 52. Qxb6+ Ke8 53.
Qc6+ Kd8 54. Qa8+ Kd7 55. Qb7+ Kd8 56. Qb6+ Ke8 57. Qc6+ Kd8 58. Qf6 Qg1+ 59.
Kf4 Qh2+ 60. Kg5 Qd2+ 61. f4 Qe3 62. Qd6+ Rd7 63. Qb8+ Ke7 64. Qe5+ Kd8 65. g7
Qg3+ 66. Kh6 Re7 67. Qd6+ Rd7 68. Qf8+ Kc7 69. g8=Q 1-0

[Event "21st ch-EUR Indiv w 2021"]
[Site "Iasi ROU"]
[Date "2021.08.12"]
[Round "4.44"]
[White "Gajcin, Marina"]
[Black "Babayeva, Nasrin"]
[Result "1-0"]
[WhiteTitle "WIM"]
[WhiteElo "2219"]
[BlackElo "1889"]
[WhiteFideId "949086"]
[BlackFideId "13416626"]
[EventDate "2021.08.09"]

1. e4 e6 2. d4 d5 3. Nc3 Bb4 4. e5 c5 5. a3 Bxc3+ 6. bxc3 Qa5 7. Bd2 Qa4 8. Nf3
Ne7 9. Bd3 c4 10. Be2 Nd7 11. h4 Nb6 12. h5 h6 13. g3 Bd7 14. Kf1 O-O-O 15. Kg2
Qa5 16. Rb1 Kb8 17. Qc1 Na4 18. g4 Rdg8 19. Nh4 Ka8 20. Rh3 Qd8 21. Kf1 f6 22.
Bf4 Nb6 23. Ke1 Be8 24. Qe3 Bf7 25. Kd2 Nd7 26. Rhh1 Nc6 27. exf6 gxf6 28. Bxh6
e5 29. Nf5 exd4 30. cxd4 Re8 31. Qc3 Re6 32. Bf4 Nb6 33. Qb2 Rhe8 34. Be3 Re4
35. c3 Rh8 36. Bf3 Ree8 37. a4 Na5 38. Bd1 Qd7 39. Qb5 Nb3+ 40. Bxb3 Qxb5 41.
axb5 cxb3 42. Rxb3 Nc4+ 43. Ke2 Be6 44. h6 Bxf5 45. gxf5 Nd6 46. Rh5 Rh7 47. Kd3
Nc4 48. Rb1 Rg8 49. Bf4 Na3 50. Rb3 Nc4 51. Rh1 Na5 52. Rbb1 Nc4 53. Rbe1 Nb2+
54. Kc2 Nc4 55. Re6 Na3+ 56. Kd3 Nxb5 57. Rxf6 Rc8 58. Bd2 a5 59. Ra1 1-0

[Event "21st ch-EUR Indiv w 2021"]
[Site "Iasi ROU"]
[Date "2021.08.12"]
[Round "4.45"]
[White "Tsirulnik, Maritsa"]
[Black "Zherebtsova, Alexandra"]
[Result "1/2-1/2"]
[BlackTitle "WFM"]
[WhiteElo "2046"]
[BlackElo "2188"]
[WhiteFideId "14118688"]
[BlackFideId "24129518"]
[EventDate "2021.08.09"]

1. d4 d5 2. c4 e6 3. g3 dxc4 4. Bg2 c5 5. d5 exd5 6. Bxd5 Qd7 7. Nc3 Nf6 8. Bxc4
Qxd1+ 9. Nxd1 Nc6 10. Nf3 Be7 11. O-O O-O 12. Nc3 Na5 13. Nd5 Bd8 14. Nxf6+ Bxf6
15. Bd5 Rd8 16. e4 h6 17. Bd2 Nc6 18. Bc3 Bxc3 19. bxc3 Ne7 20. Bc4 Ng6 21. Kg2
Bg4 22. Bd5 Rab8 23. a4 Kf8 24. h3 Be6 25. c4 Bxd5 26. exd5 Ne7 27. Ne5 Nf5 28.
Rfe1 Nd6 29. Rac1 Rbc8 30. Nd3 b6 31. Ne5 Re8 32. Re3 Nf5 33. Ree1 Nd6 34. Re3
Nf5 1/2-1/2

[Event "21st ch-EUR Indiv w 2021"]
[Site "Iasi ROU"]
[Date "2021.08.12"]
[Round "4.46"]
[White "Tamrazyan, Gohar"]
[Black "Gvanceladze, Anna"]
[Result "0-1"]
[BlackTitle "WFM"]
[WhiteElo "1973"]
[BlackElo "2182"]
[WhiteFideId "1330799"]
[BlackFideId "4113721"]
[EventDate "2021.08.09"]

1. e4 c6 2. Nc3 d5 3. Nf3 dxe4 4. Nxe4 Nf6 5. Qe2 Na6 6. Nxf6+ gxf6 7. d3 Bg4 8.
h3 Bf5 9. Bd2 Qb6 10. Bc3 O-O-O 11. Nd2 Nb4 12. Nc4 Qb5 13. a4 Qxc4 14. dxc4
Nxc2+ 15. Qxc2 Bxc2 16. b4 e5 17. f4 Bh6 18. fxe5 fxe5 19. Be2 Bf4 20. Kf2 Rhg8
21. Rhf1 Rg3 22. Bf3 f5 23. Kg1 Bd3 24. Be1 Rg7 25. Bh4 Rdg8 26. Rfd1 e4 27. g4
fxg4 28. Bxg4+ Rxg4+ 29. hxg4 Rxg4+ 30. Kf2 Rxh4 31. c5 Rh2+ 32. Kg1 Be2 33.
Rdb1 Bf3 34. b5 Bg3 0-1

[Event "21st ch-EUR Indiv w 2021"]
[Site "Iasi ROU"]
[Date "2021.08.12"]
[Round "4.47"]
[White "Pavlidou, Ekaterini"]
[Black "Matasaru, Stephanie"]
[Result "1-0"]
[WhiteTitle "WIM"]
[WhiteElo "2136"]
[BlackElo "1741"]
[WhiteFideId "4213262"]
[BlackFideId "1242040"]
[EventDate "2021.08.09"]

1. d4 Nf6 2. c4 e6 3. Nc3 Bb4 4. e3 b6 5. Bd2 Bxc3 6. Bxc3 Ne4 7. Qc2 Bb7 8. Nf3
O-O 9. Bd3 f5 10. O-O-O d6 11. Rhg1 Nd7 12. Be1 Ndf6 13. h3 h5 14. Nh4 Ng5 15.
Ng6 Re8 16. f3 Kf7 17. h4 Ngh7 18. Nf4 g6 19. Rd2 c5 20. d5 e5 21. Ne6 Rxe6 22.
dxe6+ Kxe6 23. g4 e4 24. gxf5+ gxf5 25. fxe4 Nxe4 26. Rg7 Nxd2 27. Rxb7 Nf3 28.
Bxf5+ 1-0

[Event "21st ch-EUR Indiv w 2021"]
[Site "Iasi ROU"]
[Date "2021.08.12"]
[Round "4.48"]
[White "Petrova, Irina"]
[Black "Andries, Alexia"]
[Result "1-0"]
[WhiteTitle "WIM"]
[WhiteElo "2110"]
[BlackElo "1420"]
[WhiteFideId "14124122"]
[BlackFideId "1267272"]
[EventDate "2021.08.09"]

1. e4 c5 2. Nf3 e6 3. d3 Nc6 4. g3 Nd4 5. Bg2 Nxf3+ 6. Qxf3 d6 7. O-O Ne7 8. b3
Nc6 9. Bb2 Nd4 10. Qd1 Be7 11. c3 Nc6 12. d4 cxd4 13. cxd4 Bf6 14. Na3 O-O 15.
Re1 e5 16. d5 Ne7 17. f4 Ng6 18. f5 Ne7 19. Nc4 b5 20. Ne3 Bb7 21. Ng4 Nc8 22.
Kh1 Nb6 23. Qe2 a6 24. h4 Nd7 25. Bc1 Rc8 26. Be3 h5 27. Nxf6+ Nxf6 28. Bg5 g6
29. Rf1 Rc7 30. Rf3 Kg7 31. Raf1 Bc8 32. Qe3 Ng4 33. Bxd8 Nxe3 34. Bxc7 Nxf1 35.
f6+ Kg8 36. Rxf1 Re8 37. Bxd6 Bg4 38. Rc1 a5 39. Be7 a4 40. d6 axb3 41. axb3 Be6
42. Kh2 Bxb3 43. d7 Ra8 44. Rc8+ Rxc8 45. dxc8=Q+ Kh7 46. Qf8 Be6 47. Qg7# 1-0

[Event "21st ch-EUR Indiv w 2021"]
[Site "Iasi ROU"]
[Date "2021.08.12"]
[Round "4.49"]
[White "Sedina, Elena"]
[Black "Von Herman, Brigitte"]
[Result "1-0"]
[WhiteTitle "IM"]
[BlackTitle "WFM"]
[WhiteElo "2279"]
[BlackElo "1991"]
[WhiteFideId "812153"]
[BlackFideId "4628730"]
[EventDate "2021.08.09"]

1. e4 e5 2. Nf3 Nc6 3. Bc4 Nf6 4. d3 Bc5 5. O-O d6 6. c3 a6 7. a4 O-O 8. Re1 Ba7
9. h3 h6 10. Nbd2 Re8 11. b4 Be6 12. Bxe6 Rxe6 13. Qc2 Qd7 14. Nf1 Rd8 15. b5
Ne7 16. bxa6 bxa6 17. d4 Ng6 18. Ng3 Ree8 19. Be3 c6 20. Rab1 Rb8 21. Qd3 exd4
22. cxd4 Rxb1 23. Rxb1 Qc8 24. Nd2 c5 25. Nc4 Qc6 26. d5 Qc7 27. f3 Rd8 28. Qc3
Ne8 29. Nf5 f6 30. Qa5 Qc8 31. h4 h5 32. Qc3 Kh7 33. Bf2 Ne5 34. Bg3 g6 35. Nfe3
Qd7 36. Qa5 Qc8 37. Kh2 Rd7 38. f4 Nxc4 39. Nxc4 Re7 40. e5 fxe5 41. fxe5 dxe5
42. d6 Re6 43. Rf1 Kg8 44. Qd2 Qd7 45. Qd5 Bb8 46. Bxe5 Bxd6 47. Nxd6 Nxd6 48.
Rf6 1-0

[Event "21st ch-EUR Indiv w 2021"]
[Site "Iasi ROU"]
[Date "2021.08.12"]
[Round "4.50"]
[White "Batagan, Ilinca-Petra"]
[Black "Cosma, Elena-Luminita"]
[Result "0-1"]
[BlackTitle "WGM"]
[WhiteElo "1846"]
[BlackElo "2311"]
[WhiteFideId "1261002"]
[BlackFideId "1201590"]
[EventDate "2021.08.09"]

1. e4 e6 2. d4 d5 3. exd5 exd5 4. c4 Nf6 5. Nf3 Be7 6. Nc3 O-O 7. Be2 dxc4 8.
Bxc4 Bg4 9. Be3 Nbd7 10. h3 Bh5 11. O-O Nb6 12. Bb3 Nfd5 13. g4 Bg6 14. Ne5 c6
15. Rc1 Bf6 16. Qf3 Bxe5 17. dxe5 Nxe3 18. Qxe3 Qd3 19. Qxd3 Bxd3 20. Rfe1 Rad8
21. Ne4 Bxe4 22. Rxe4 Rd2 23. Rc2 Rfd8 24. Re2 Rxc2 25. Rxc2 Rd4 26. Kg2 Kf8 27.
Re2 Ke7 28. Kf3 g5 29. Re4 Rd3+ 30. Re3 Rd2 31. Re2 Rxe2 32. Kxe2 Nd7 33. f4
gxf4 34. Kf3 Nxe5+ 35. Kxf4 Nd3+ 36. Kg5 Nxb2 37. Bc2 f6+ 38. Kh5 c5 39. Bxh7 c4
40. Bc2 c3 41. Kg6 Nc4 42. h4 Ne3 43. h5 Nxc2 44. h6 Ne3 45. h7 c2 46. h8=Q c1=Q
47. Qxf6+ Kd7 48. Qd4+ Kc6 49. Qa4+ Kd5 50. Qxa7 Qc6+ 51. Kg5 Ke4 52. Qb8 Nd5
53. Qf8 Qe6 54. Qf2 Qe7+ 55. Kh6 Ne3 56. Qe2 Qh4+ 57. Kg6 Qxg4+ 58. Qxg4+ Nxg4 0-1

[Event "21st ch-EUR Indiv w 2021"]
[Site "Iasi ROU"]
[Date "2021.08.12"]
[Round "4.51"]
[White "Ciolacu, Alessia-Mihaela"]
[Black "Bashylina, Luisa"]
[Result "1-0"]
[WhiteTitle "WFM"]
[BlackTitle "WCM"]
[WhiteElo "2241"]
[BlackElo "1992"]
[WhiteFideId "1252640"]
[BlackFideId "12983292"]
[EventDate "2021.08.09"]

1. d4 Nf6 2. c4 g6 3. Nc3 d5 4. cxd5 Nxd5 5. e4 Nxc3 6. bxc3 Bg7 7. Nf3 c5 8. h3
Qa5 9. Bd2 O-O 10. Be2 Nc6 11. O-O Rd8 12. Rc1 cxd4 13. cxd4 Qxa2 14. Bc4 Qa3
15. Ng5 e6 16. d5 Qd6 17. Be3 exd5 18. Bxd5 Be6 19. Bc5 Qe5 20. f4 Qf6 21. Qb3
Bxd5 22. exd5 Na5 23. Qf3 b6 24. Bf2 Qd6 25. Rfd1 Rac8 26. Ne4 Qd7 27. Bh4 Re8
28. Rxc8 Rxc8 29. Nf6+ Bxf6 30. Bxf6 Qf5 31. Ba1 b5 32. d6 Qc5+ 33. Kh2 Rd8 34.
d7 Qc7 35. Qe3 Qc6 36. Qd4 1-0

[Event "21st ch-EUR Indiv w 2021"]
[Site "Iasi ROU"]
[Date "2021.08.12"]
[Round "4.52"]
[White "Froewis, Annika"]
[Black "Donghvani, Nia"]
[Result "1-0"]
[WhiteTitle "WFM"]
[WhiteElo "2107"]
[BlackElo "1902"]
[WhiteFideId "1621432"]
[BlackFideId "13614649"]
[EventDate "2021.08.09"]

1. d4 Nf6 2. Bf4 e6 3. e3 c5 4. c3 Nc6 5. Nd2 d5 6. Ngf3 Bd6 7. Bg3 O-O 8. Bb5
cxd4 9. exd4 Qc7 10. O-O Bxg3 11. hxg3 a6 12. Bxc6 bxc6 13. Ne5 a5 14. Re1 c5
15. g4 Nd7 16. Ndf3 f6 17. Nxd7 Bxd7 18. Qd2 Rab8 19. Rab1 cxd4 20. cxd4 Rb4 21.
Rec1 Qb7 22. g5 fxg5 23. Qxg5 Rxb2 24. Rxb2 Qxb2 25. Rc7 Qb1+ 26. Kh2 Qb8 27.
Qe5 Qe8 28. Kg1 Qg6 29. Nh4 Qb1+ 30. Kh2 Rf7 31. Nf3 Qb8 32. Rxd7 1-0

[Event "21st ch-EUR Indiv w 2021"]
[Site "Iasi ROU"]
[Date "2021.08.12"]
[Round "4.53"]
[White "Trippold, Denise"]
[Black "Trifoi, Mihaela-Ioana"]
[Result "1/2-1/2"]
[WhiteTitle "WFM"]
[WhiteElo "2098"]
[BlackElo "1807"]
[WhiteFideId "1625594"]
[BlackFideId "1246364"]
[EventDate "2021.08.09"]

1. c4 e6 2. g3 d5 3. Bg2 Nf6 4. Nf3 Be7 5. O-O O-O 6. d4 c6 7. Nc3 b6 8. b3 Ba6
9. Bb2 Nbd7 10. Qc2 dxc4 11. bxc4 Bxc4 12. Nd2 Ba6 13. Bxc6 Rc8 14. Bf3 b5 15.
Qb3 b4 16. Nce4 Nxe4 17. Nxe4 Bc4 18. Qd1 Nb6 19. Nd2 Bb5 20. Rc1 a5 21. Re1 Na4
22. Qb3 Nxb2 23. Qxb2 a4 24. e3 Qa5 25. Red1 h6 26. h4 Rc3 27. Ne4 Bc6 28. Nf6+
Bxf6 29. Bxc6 Rc8 30. Be4 Rxc1 31. Rxc1 Rxc1+ 32. Qxc1 b3 33. Bb1 g6 34. axb3
axb3 35. Qd1 Qd5 36. h5 gxh5 37. Qd3 Bg7 38. Qh7+ Kf8 39. Qd3 Bf6 40. Qh7 Qg5
41. Qd3 h4 42. Qxb3 hxg3 43. Qb8+ Kg7 44. Qxg3 Qxg3+ 45. fxg3 1/2-1/2

[Event "21st ch-EUR Indiv w 2021"]
[Site "Iasi ROU"]
[Date "2021.08.12"]
[Round "4.54"]
[White "Pancu, Aureliana-Eugenia"]
[Black "Zelbova, Lada"]
[Result "1/2-1/2"]
[WhiteElo "1862"]
[BlackElo "2070"]
[WhiteFideId "1226355"]
[BlackFideId "23717882"]
[EventDate "2021.08.09"]

1. Nf3 c5 2. c4 Nc6 3. d4 cxd4 4. Nxd4 g6 5. Nc3 Bg7 6. e3 Nf6 7. Be2 O-O 8. O-O
Nxd4 9. exd4 d5 10. c5 a6 11. Na4 Nd7 12. Be3 b5 13. cxb6 Nxb6 14. Nc5 Nc4 15.
Bxc4 dxc4 16. Rc1 Qd5 17. Qe2 Rb8 18. Qxc4 Qxc4 19. Rxc4 Rxb2 20. Ra4 Rd8 21. h3
h5 22. Rc1 Kh7 23. Kh2 Bh6 24. Re1 Bxe3 25. fxe3 Rc2 26. Rb1 e5 27. Rb8 exd4 28.
exd4 Rg8 29. Ne4 Kg7 30. Nc5 Rd2 31. Nxa6 Be6 32. Rxg8+ Kxg8 33. Nc7 Bxa2 34.
Ra8+ Kg7 35. Ne8+ Kf8 36. Nc7+ Ke7 37. Ra7 Kf6 38. Kg1 Be6 39. Ra4 Rc2 40. Ra7
Rd2 41. Ra4 Ke7 42. g4 hxg4 43. Nxe6 fxe6 44. hxg4 Kf6 45. Kf1 g5 46. Rb4 Rh2
47. Rb6 Rd2 48. Rb4 Ke7 49. Rb7+ Kf6 1/2-1/2

[Event "21st ch-EUR Indiv w 2021"]
[Site "Iasi ROU"]
[Date "2021.08.12"]
[Round "4.55"]
[White "Maria, Lia-Alexandra"]
[Black "Hercog, Nusa"]
[Result "0-1"]
[WhiteTitle "WCM"]
[BlackTitle "WFM"]
[WhiteElo "1837"]
[BlackElo "2000"]
[WhiteFideId "1248952"]
[BlackFideId "14614324"]
[EventDate "2021.08.09"]

1. e4 c6 2. d4 d5 3. e5 Bf5 4. Nf3 e6 5. Be2 c5 6. O-O Nc6 7. c3 cxd4 8. Nxd4
Nge7 9. f4 Nxd4 10. cxd4 Qb6 11. Nc3 Nc6 12. Bb5 h5 13. Be3 a6 14. Bxc6+ bxc6
15. Na4 Qb5 16. Rc1 h4 17. Rf2 Be7 18. Nc5 a5 19. a4 Qb6 20. Rc3 Bxc5 21. Rxc5
Kd7 22. b3 Qb4 23. Qc1 Ra6 24. Rb2 h3 25. g3 Rb8 26. Qf1 Rab6 27. Qa1 f6 28.
exf6 gxf6 29. Kf2 e5 30. Rd2 Qxb3 31. dxe5 Qb1 32. Qxb1 Rxb1 33. exf6 Rh1 34. g4
Bxg4 35. Kg3 Be6 36. Rxa5 Rb3 37. f5 Rxe3+ 38. Kf2 Rb3 39. fxe6+ Kxe6 40. f7
Kxf7 41. Ra7+ Kg6 42. Re7 Rxh2+ 43. Ke1 Rb1+ 44. Rd1 Rh1+ 0-1

[Event "21st ch-EUR Indiv w 2021"]
[Site "Iasi ROU"]
[Date "2021.08.12"]
[Round "4.56"]
[White "Kostina, Veronika"]
[Black "Paraschiv, Petronela-Alexandra"]
[Result "1-0"]
[WhiteElo "1801"]
[BlackElo "1979"]
[WhiteFideId "34166235"]
[BlackFideId "1233696"]
[EventDate "2021.08.09"]

1. e4 d5 2. exd5 Qxd5 3. Nc3 Qa5 4. Nf3 Bf5 5. Bc4 Nf6 6. d3 c6 7. Qe2 Nbd7 8.
Bd2 Qc7 9. O-O Nb6 10. Bb3 Nbd5 11. Rfe1 O-O-O 12. Nxd5 Nxd5 13. a4 e6 14. a5
Bd6 15. Reb1 f6 16. Bxd5 exd5 17. Be3 c5 18. b4 d4 19. bxc5 Bxc5 20. Bd2 Rhe8
21. Qd1 Bg4 22. h3 Bh5 23. Rb5 Re6 24. Rab1 b6 25. axb6 Bxb6 26. Rxh5 g5 27.
Nxg5 fxg5 28. Rxg5 Qf7 29. Qg4 Rf8 30. Rf1 Qf6 31. Rg8 Kd7 32. Rxf8 Qxf8 33. Re1
Qf7 34. Qxe6+ Qxe6 35. Rxe6 Kxe6 36. g4 a5 37. Kf1 a4 38. Bb4 Kd5 39. Ke2 Bc5
40. Bxc5 Kxc5 41. Kd2 Kb4 42. Kc1 Kc3 43. f4 a3 44. Kb1 a2+ 45. Kxa2 Kxc2 46. f5
Kxd3 47. f6 Ke2 48. f7 d3 49. f8=Q d2 50. Qe7+ Kf1 51. Qd6 Ke2 52. Qe5+ Kf2 53.
Qd4+ Ke2 54. Qe4+ Kf1 55. Qd3+ Ke1 56. Qe3+ Kd1 57. Kb2 h5 58. Qxd2+ 1-0

[Event "21st ch-EUR Indiv w 2021"]
[Site "Iasi ROU"]
[Date "2021.08.12"]
[Round "4.57"]
[White "Verbin, Valentina"]
[Black "Mirza, Diana"]
[Result "1/2-1/2"]
[BlackTitle "WFM"]
[WhiteElo "2012"]
[BlackElo "1933"]
[WhiteFideId "13905910"]
[BlackFideId "2503999"]
[EventDate "2021.08.09"]

1. e4 e5 2. Nf3 Nc6 3. Bb5 a6 4. Ba4 Nf6 5. O-O b5 6. Bb3 Bc5 7. Nxe5 Nxe5 8. d4
Bxd4 9. Qxd4 d6 10. f4 c5 11. Qd1 Neg4 12. Bd5 Nxd5 13. Qxd5 Ra7 14. h3 Nf6 15.
Qd3 Re7 16. Nc3 Bb7 17. Qg3 Nxe4 18. Nxe4 Bxe4 19. f5 f6 20. Bf4 d5 21. Bd6 Rd7
22. Bxc5 Qc7 23. Qf2 Kf7 24. b4 Re8 25. Rae1 Re5 26. g4 Qc8 27. Qf4 Qe8 28. Bd4
Ree7 29. g5 Bxc2 30. Qh4 Rxe1 31. Rxe1 Re7 32. Rxe7+ Qxe7 33. gxf6 Qe2 34. fxg7
Qd1+ 35. Kh2 Qe2+ 36. Kg1 Qd1+ 37. Kh2 Qe2+ 38. Qf2 Qxf2+ 39. Bxf2 Kxg7 40. Bd4+
Kh6 41. f6 Kg6 42. Kg3 Kf7 43. h4 h6 44. Kf4 Ke6 45. a3 Bd1 1/2-1/2

[Event "21st ch-EUR Indiv w 2021"]
[Site "Iasi ROU"]
[Date "2021.08.12"]
[Round "4.58"]
[White "Obada, Ema"]
[Black "Babineca, Darja"]
[Result "1-0"]
[WhiteTitle "WCM"]
[WhiteElo "1981"]
[BlackElo "1756"]
[WhiteFideId "1234803"]
[BlackFideId "1337440"]
[EventDate "2021.08.09"]

1. e4 c5 2. Nf3 d6 3. Bb5+ Nd7 4. O-O a6 5. Bxd7+ Bxd7 6. d4 cxd4 7. Qxd4 Rc8 8.
c4 Nf6 9. Bg5 e6 10. Nc3 Be7 11. a4 Qc7 12. b3 h6 13. Be3 Bc6 14. a5 O-O 15. h3
Nd7 16. Qd1 Nc5 17. Qc2 f5 18. Nd2 Bf6 19. exf5 exf5 20. f3 Rce8 21. Bf2 Nd7 22.
Ra2 Re7 23. b4 Bxc3 24. Qxc3 Rfe8 25. Qb3 Nf6 26. Bd4 Bd7 27. Bxf6 gxf6 28. Qc3
Kf7 29. Qd4 Rg8 30. Nb3 Rg6 31. Nc1 Be6 32. Rc2 d5 33. c5 Qg3 34. Nd3 f4 35.
Nxf4 Rg5 36. c6 bxc6 37. Rxc6 Re5 38. Rxa6 Bc8 39. Rxf6+ Kg8 40. Rg6+ 1-0

[Event "21st ch-EUR Indiv w 2021"]
[Site "Iasi ROU"]
[Date "2021.08.13"]
[Round "5.1"]
[White "Mammadzada, Gunay"]
[Black "Bulmaga, Irina"]
[Result "1-0"]
[WhiteTitle "IM"]
[BlackTitle "IM"]
[WhiteElo "2460"]
[BlackElo "2413"]
[WhiteFideId "13403729"]
[BlackFideId "13903063"]
[EventDate "2021.08.09"]

1. e4 c5 2. Nf3 d6 3. d4 cxd4 4. Nxd4 Nf6 5. Nc3 a6 6. Be3 e5 7. Nb3 Be7 8. Rg1
h5 9. h3 Be6 10. g4 hxg4 11. hxg4 d5 12. exd5 Nxd5 13. Nxd5 Bxd5 14. Qe2 Bc6 15.
Bd2 Nd7 16. O-O-O a5 17. Re1 Kf8 18. Bc3 Bg5+ 19. Kb1 Bf4 20. Bg2 Bxg2 21. Rxg2
a4 22. Nd2 Rc8 23. Nc4 Qc7 24. Bb4+ Kg8 25. Nd6 Rd8 26. a3 b6 27. Ne4 Nf6 28. g5
Nxe4 29. Qxe4 g6 30. Bc3 b5 31. Rg4 Qd7 32. Rxf4 exf4 33. Bxh8 Kxh8 34. Qe5+ Kg8
35. Rh1 1-0

[Event "21st ch-EUR Indiv w 2021"]
[Site "Iasi ROU"]
[Date "2021.08.13"]
[Round "5.3"]
[White "Maltsevskaya, Aleksandra"]
[Black "Unuk, Laura"]
[Result "1-0"]
[WhiteTitle "WGM"]
[BlackTitle "IM"]
[WhiteElo "2409"]
[BlackElo "2407"]
[WhiteFideId "24174041"]
[BlackFideId "14609215"]
[EventDate "2021.08.09"]

1. e4 e6 2. d4 d5 3. Nc3 Nf6 4. Bg5 Bb4 5. e5 h6 6. Bc1 Ne4 7. Qg4 g6 8. a3
Bxc3+ 9. bxc3 c5 10. Bd3 cxd4 11. Ne2 dxc3 12. Bxe4 dxe4 13. Qxe4 Bd7 14. Qxb7
Bc6 15. Qb4 Qd5 16. f3 Nd7 17. Bf4 Rc8 18. Nxc3 Qc5 19. Qxc5 Nxc5 20. a4 a6 21.
Be3 Ba8 22. Bd4 O-O 23. Kf2 Rc7 24. Rhd1 Rfc8 25. Rab1 g5 26. Rb6 Kg7 27. Kg3
Kg6 28. h4 Kh5 29. hxg5 hxg5 30. a5 Kg6 31. Rdb1 Rd8 32. Rd6 Rdc8 33. Rb4 Kf5
34. Nd1 Kg6 35. Ne3 Rc6 36. Nd5 Rxd6 37. Ne7+ Kg7 38. exd6+ 1-0

[Event "21st ch-EUR Indiv w 2021"]
[Site "Iasi ROU"]
[Date "2021.08.13"]
[Round "5.4"]
[White "Danielian, Elina"]
[Black "Socko, Monika"]
[Result "1/2-1/2"]
[WhiteTitle "GM"]
[BlackTitle "GM"]
[WhiteElo "2407"]
[BlackElo "2393"]
[WhiteFideId "13300210"]
[BlackFideId "1106619"]
[EventDate "2021.08.09"]

1. Nf3 Nf6 2. c4 b6 3. g3 Bb7 4. Bg2 e6 5. O-O Be7 6. Nc3 O-O 7. Re1 d5 8. cxd5
exd5 9. d4 Nbd7 10. Bf4 a6 11. Qc2 c5 12. dxc5 bxc5 13. Ne5 Ra7 14. Rad1 Nxe5
15. Bxe5 d4 16. Bxb7 Rxb7 17. Bxf6 Bxf6 18. Ne4 Qd5 19. b3 Be7 20. Rc1 f5 21.
Nd2 Kh8 22. Qd3 Rb6 23. e4 fxe4 24. Qxe4 Qxe4 25. Rxe4 Rb7 26. Nc4 Kg8 27. Kf1
Bd8 28. Nb2 Re7 29. Rxe7 Bxe7 30. Ke2 Kf7 31. Na4 Rc8 32. Kd3 a5 33. f4 Rc6 34.
Rc2 h5 35. Kc4 h4 36. Nb2 Re6 37. Nd3 Re3 38. gxh4 Rh3 39. Rf2 Bxh4 40. Re2 Be7
41. Rd2 Kf6 42. Kb5 Kf5 43. Nxc5 Bxc5 44. Kxc5 d3 45. Kd4 Kxf4 46. a3 Kf5 47. b4
axb4 48. axb4 Ke6 49. Kc4 Ke5 50. Rxd3 Rxh2 51. b5 g5 52. b6 Rc2+ 53. Kb5 Rb2+
54. Kc6 Ke4 55. Rc3 g4 56. b7 Kf4 57. Rc5 Rxb7 58. Kxb7 g3 59. Kc6 g2 60. Rc1
Kf3 61. Kd5 Kf2 62. Rc2+ Kf3 63. Rc1 Kf2 64. Rc2+ 1/2-1/2